000 00563nam a2200181Ia 4500
003 GCL
008 140319s9999 xx 000 0 ara d
040 _aGCL /
_cGCL
082 0 4 _a213
_bم ى
100 1 _aمحيى الدين صالح
245 1 0 _aياقومنا اجيبوا داعى الله /
_cمحيى الدين صالح
300 _a167 ص
490 _aالهيئة العامة للاستعلامات
_v0
650 0 4 _aالاسلام
650 0 4 _aالاخلاق الاسلامية
650 0 4 _aالدعوة الاسلامية
942 _2ddc
_cBK
999 _c50066
_d50066